<?xml version="1.0" encoding="UTF-8"?>
<collection xmlns:xsi="http://www.w3.org/2001/XMLSchema-instance" xsi:schemaLocation="http://www.loc.gov/MARC21/slim http://www.loc.gov/standards/marcxml/schema/MARC21slim.xsd" xmlns="http://www.loc.gov/MARC21/slim">
 <record>
  <leader>00000cam a22000004a 4500</leader>
  <controlfield tag="001">UP-1685523046125428439</controlfield>
  <controlfield tag="003">Buklod</controlfield>
  <controlfield tag="005">20240417145336.0</controlfield>
  <controlfield tag="006">a     r    |||| u|</controlfield>
  <controlfield tag="007">ta</controlfield>
  <controlfield tag="008">240417s2001    paua    rb   |001 0|eng c</controlfield>
  <datafield tag="020" ind1=" " ind2=" ">
   <subfield code="a">0781721334</subfield>
  </datafield>
  <datafield tag="035" ind1=" " ind2=" ">
   <subfield code="a">(iLib)UPMNL-00000055805</subfield>
  </datafield>
  <datafield tag="040" ind1=" " ind2=" ">
   <subfield code="a">DNLM/DLC</subfield>
   <subfield code="c">DLC</subfield>
   <subfield code="d">CAMP</subfield>
   <subfield code="e">rda</subfield>
  </datafield>
  <datafield tag="041" ind1="0" ind2=" ">
   <subfield code="a">eng</subfield>
  </datafield>
  <datafield tag="060" ind1="1" ind2="0">
   <subfield code="a">WL 340.5</subfield>
   <subfield code="b">L2872 2001</subfield>
  </datafield>
  <datafield tag="090" ind1="0" ind2="0">
   <subfield code="a">RC 425</subfield>
   <subfield code="b">L34 2001</subfield>
  </datafield>
  <datafield tag="245" ind1="0" ind2="0">
   <subfield code="a">Language intervention strategies in aphasia and related neurogenic communication disorders</subfield>
   <subfield code="c">editor, Roberta Chapey.</subfield>
  </datafield>
  <datafield tag="250" ind1=" " ind2=" ">
   <subfield code="a">4th ed.</subfield>
  </datafield>
  <datafield tag="264" ind1=" " ind2="1">
   <subfield code="a">Philadelphia</subfield>
   <subfield code="b">Lippincott Williams &amp; Wilkins</subfield>
   <subfield code="c">c2001.</subfield>
  </datafield>
  <datafield tag="300" ind1=" " ind2=" ">
   <subfield code="a">xvi, 919 pages</subfield>
   <subfield code="b">illustrations</subfield>
   <subfield code="c">29 cm.</subfield>
  </datafield>
  <datafield tag="500" ind1=" " ind2=" ">
   <subfield code="a">Rev. ed. of: Language intervention strategies in adult aphasia. 3rd ed. c1994.</subfield>
  </datafield>
  <datafield tag="650" ind1=" " ind2="0">
   <subfield code="a">Aphasia</subfield>
   <subfield code="x">Treatment.</subfield>
  </datafield>
  <datafield tag="650" ind1=" " ind2="0">
   <subfield code="a">Language disorders</subfield>
   <subfield code="x">Treatment.</subfield>
  </datafield>
  <datafield tag="650" ind1="2" ind2="2">
   <subfield code="a">Language Disorders</subfield>
   <subfield code="x">therapy.</subfield>
  </datafield>
  <datafield tag="650" ind1="2" ind2="2">
   <subfield code="a">Language Therapy</subfield>
   <subfield code="x">methods.</subfield>
  </datafield>
  <datafield tag="650" ind1="2" ind2="2">
   <subfield code="a">Speech Disorders</subfield>
   <subfield code="x">therapy.</subfield>
  </datafield>
  <datafield tag="700" ind1="1" ind2=" ">
   <subfield code="a">Chapey, Roberta.</subfield>
  </datafield>
  <datafield tag="730" ind1="0" ind2=" ">
   <subfield code="a">Language intervention strategies in adult aphasia.</subfield>
  </datafield>
  <datafield tag="905" ind1=" " ind2=" ">
   <subfield code="a">FO</subfield>
  </datafield>
  <datafield tag="852" ind1="0" ind2=" ">
   <subfield code="a">UPMNL</subfield>
   <subfield code="b">CAMP</subfield>
   <subfield code="h">RC 425</subfield>
   <subfield code="i">L34 2001</subfield>
  </datafield>
  <datafield tag="942" ind1=" " ind2=" ">
   <subfield code="a">Book</subfield>
  </datafield>
 </record>
</collection>
